|
|
|
|
| LEADER |
00986nam a22002413u 4500 |
| 001 |
10101745 |
| 003 |
upatras |
| 005 |
20210302102118.0 |
| 008 |
991022s eng |
| 040 |
|
|
|a Βιβλιοθήκη ΕΑΙΤΥ
|c Βιβλιοθήκη ΕΑΙΤΥ
|
| 041 |
0 |
|
|a eng
|
| 245 |
1 |
0 |
|a Designing with programmable array logic
|
| 250 |
|
|
|a 2nd ed.
|
| 260 |
|
|
|a New York
|b McGraw-Hill
|c c1978
|
| 300 |
|
|
|a fig.
|
| 650 |
|
4 |
|a ARRAY PROCESSING
|9 115729
|
| 650 |
|
4 |
|a COMPUTER DESIGN
|9 24284
|
| 650 |
|
4 |
|a PAL (Γλώσσα προγραμματισμού)
|9 115730
|
| 710 |
2 |
|
|a Technical Staff of Monolithic Memories, Inc.
|4 aut
|9 115731
|
| 852 |
|
|
|a GR-PaULI
|b ΠΑΤΡΑ
|b ΤΜΗΥΠ
|h 004.35
|t 1
|
| 942 |
|
|
|2 ddc
|
| 952 |
|
|
|0 0
|1 0
|2 ddc
|4 0
|6 004_350000000000000_DES
|7 0
|8 NFIC
|9 126149
|a LISP
|b LISP
|c ALFf
|d 2016-04-24
|l 0
|o 004.35 DES
|p 025000280566
|r 2016-04-24 00:00:00
|t 1
|w 2016-04-24
|y BK15
|x Μεταφορά από Τμ. Μηχανικών ΗΥ & Πληροφορικής
|
| 999 |
|
|
|c 82754
|d 82754
|